Eighteenth - Century Poetry (Запис № 283282)
[ простий вигляд ]
| 000 -Лідер | |
|---|---|
| fixed length control field | 01612nam a22002657a 4500 |
| 001 - Контрольний номер | |
| control field | 216219491 |
| 003 - Ідентифікатор контрольного номера | |
| control field | UA-OsUOA |
| 005 - Дата та час останнього входження (трансакції) | |
| control field | 20251013162959.0 |
| 008 - Елементи даних фіксованої довжини – загальна інформація | |
| fixed length control field | 201020b -uk||||g |||| 00| p eng d |
| 020 ## - Міжнародний стандартний книжковий номер (ISBN) | |
| Міжнародний стандартний книжковий номер (ISBN) (НП) | 9780140622089 |
| 040 ## - Джерело каталогізації | |
| Агенція оригінальної каталогізації | UA-OsUOA |
| Мова каталогізації | ukr |
| Агенція, яка здійснювала перезапис | UA-OsUOA |
| Агенція, яка здійснювала модифікацію | UA-OsUOA |
| 041 ## - Код мови | |
| Код мови тексту/ звукової доріжки чи окремого заголовка (П) | eng |
| 080 ## - Індекс Універсальної десяткової класифікації | |
| Індекс Універсальної десяткової класифікації (УДК) (НП) | 821.111(410) |
| 090 ## - Локальний шифр розміщення | |
| Класифікаційний індекс УДК | 821.111(410) |
| Авторський знак (НП) | E34 |
| 245 ## - Відомості про назву | |
| Назва (НП) | Eighteenth - Century Poetry |
| Дані про відповідальність (НП) | Selected by Paul Driver |
| 260 ## - Публікація, розповсюдження і т.п. (Вихідні дані) | |
| Місце публікації, розповсюдження і т.п. (П) | London |
| Ім’я/ наймення видавництва, розповсюджувача і т.п. (П) | Penguin Books |
| Дата публікації, розповсюдження і т.п. (П) | 1996 |
| 300 ## - Фізичний опис | |
| Обсяг | 101 p. |
| 490 ## - Область серії | |
| Назва серії | Penguin Popular Poetry |
| 520 ## - Резюме і т.п. | |
| Резюме, реферат, анотація, тощо (НП) | A time of great peace and prosperity, the eighteenth century, often called the Age of Reason, gave us some of our finest pastoral poetry and our sharpest satire.<br/><br/>In landscape as in literature, a return to the values of the Augustan age was being celebrated: clarity, simplicity and order were praised. London, meanwhile, grew to be the world's largest city, and poets such as Pope and Swift were writing witty, elegant criticism of its politics and its people.<br/><br/>This collection conveys the essence of the period, from the rural meditations and landscape poetry of Thomas Gray and Oliver Goldsmith to the brilliantly scathing couplets of Pope and the uncomfortable truths of Swift. Placing great emphasis on mind and morals, the poetry has a stylistic grace that is evident on each and every page. |
| 650 ## - Додаткове предметне введення – тематичний термін | |
| Тематичний термін чи географічна назва, як елемент введення (НП) | 821 Художня література окремими мовами і мовними сім'ями |
| Джерело заголовка чи терміна | UDC |
| 9 (RLIN) | 17 |
| 700 1# - Додаткове введення – ім'я особи | |
| Ім’я особи (НП) | Driver P. |
| 9 (RLIN) | 22711 |
| 942 ## - Додаткові елементи входу (Коха) | |
| Source of classification or shelving scheme | Universal Decimal Classification |
| Тип елемента Koha | Книги |
| 955 ## - Код типу видання за змістом | |
| Код типу видання за змістом (НП) | Літературно-художні видання |
| Стан вилучень | Стан втрат | Джерело класифікації або схеми стелажів | Стан уражень | Не для кредиту | Постійне місце розташування | Поточне розміщення | Дата придбання | Джерело придбання | Вартість, звичайна ціна покупки | Повний номер виклику | Штрих-код | Дата останнього перегляду | Вартість, ціна заміни | Ціна ефективна від | Тип елемента Koha |
|---|---|---|---|---|---|---|---|---|---|---|---|---|---|---|---|
| Universal Decimal Classification | ВІЛ - Відділ іноземн. літератури НБ | ВІЛ - Відділ іноземн. літератури НБ | 21/05/2007 | Акт № 1\07 | 15.00 | 821.111(410) E34 | 211726 | 19/11/2021 | 15.00 | 21/05/2007 | Книги | ||||
| Universal Decimal Classification | ВІЛ - Відділ іноземн. літератури НБ | ВІЛ - Відділ іноземн. літератури НБ | 21/05/2007 | Акт № 1\07 | 15.00 | 821.111(410) E34 | 211727 | 19/11/2021 | 15.00 | 21/05/2007 | Книги | ||||
| Universal Decimal Classification | ВІЛ - Відділ іноземн. літератури НБ | ВІЛ - Відділ іноземн. літератури НБ | 21/05/2007 | Акт № 1\07 | 15.00 | 821.111(410) E34 | 211728 | 06/12/2021 | 15.00 | 21/05/2007 | Книги | ||||
| Universal Decimal Classification | ВІЛ - Відділ іноземн. літератури НБ | ВІЛ - Відділ іноземн. літератури НБ | 21/05/2007 | Акт № 1\07 | 15.00 | 821.111(410) E34 | 211729 | 19/11/2021 | 15.00 | 21/05/2007 | Книги |